00443 a2200157 4500010001400000020002300014035001300037037001500050082001000065100001600075245004200091260003800133270007000171300002500241500001900266 aENG-86798 c695.00a8131300625 aEN-70331 bDBAD / PUB00a070.41 aSingh, J.K.10aMedia and journalism /cby J.K. Singh aNew DelhibA P H Publishingc2007 a5, Ansari Road, Darya GanjbNew Delhimaphbooks@vsnl.nete110 002 aix, 258pc21 cm (Hb) aIncludes index